000 01215nam a22003257a 4500
001 613
005 20250213152136.0
020 _a0439204216 (pbk.)
040 _aWDG
_cWDG
_dDLC
_beng
050 0 0 _aQL638.9
_b.J74 2001
082 0 0 _a597.3
_222
100 1 _aJohnston, Jennifer.
245 1 4 _aThe great shark escape /
_c[written by Jennifer Johnston ; illustrations by Ted Enik].
260 _aNew York :
_bScholastic Inc.,
_c2001.
300 _a85 pages :
_billustrations ;
_c20 cm.
490 _3The magic school bus
_aBook 7
_vChapter book
500 _a"Based on the Magic School Bus books written by Joanna Cole and illustrated by Bruce Degen"--T.p. verso.
505 _aK
520 _aOn a field trip to an aquarium with Miss Frizzle and her science class, Arnold not only overcomes his fear of sea animals but also becomes the hero of the day.
521 _a580
_bLexile
521 _aK
_bRaz-Plus
650 0 _aSharks
_vJuvenile literature.
650 1 _aSharks
_vFiction.
650 1 _aAquariums
_vFiction.
650 1 _aFear
_vFiction.
650 1 _aHeroes
_vFiction.
700 1 _aEnik, Ted,
_eillustrator.
906 _a7
_bcbc
_ccopycat
_d2
_encip
_f20
_gy-gencatlg
942 _2ddc
_cBK
_n0
999 _c613
_d613